Essentials of Medical Microbiology (Record no. 4225)

MARC details
000 -LEADER
fixed length control field 00822pam a2200289 a 4500
001 - CONTROL NUMBER
control field 1051598
003 - CONTROL NUMBER IDENTIFIER
control field OSt
005 - DATE AND TIME OF LATEST TRANSACTION
control field 20240126101625.0
008 - FIXED-LENGTH DATA ELEMENTS--GENERAL INFORMATION
fixed length control field 900105s1991 paua b 001 0 eng c
010 ## - LIBRARY OF CONGRESS CONTROL NUMBER
LC control number 90005415
020 ## - INTERNATIONAL STANDARD BOOK NUMBER
International Standard Book Number 978-0397510054
020 ## - INTERNATIONAL STANDARD BOOK NUMBER
International Standard Book Number 0397510055
040 ## - CATALOGING SOURCE
Original cataloging agency DNLM/DLC
Transcribing agency DLC
Modifying agency DLC
050 00 - LIBRARY OF CONGRESS CALL NUMBER
Classification number QR46
Item number .V64 1991
060 ## - NATIONAL LIBRARY OF MEDICINE CALL NUMBER
Classification number QW 4 E78
082 00 - DEWEY DECIMAL CLASSIFICATION NUMBER
Classification number QW4 E74w 1991
100 ## - MAIN ENTRY--PERSONAL NAME
Personal name Volk, Wesley A.; [et..al]
9 (RLIN) 16899
245 00 - TITLE STATEMENT
Title Essentials of Medical Microbiology
250 ## - EDITION STATEMENT
Edition statement 4th ed.
260 ## - PUBLICATION, DISTRIBUTION, ETC. (IMPRINT)
Place of publication, distribution, etc. Philadelphia :
Name of publisher, distributor, etc. Lippincott,
Date of publication, distribution, etc. 1991.
300 ## - PHYSICAL DESCRIPTION
Extent vii, 803 p. :
Other physical details ill. ;
Dimensions 26 cm.
504 ## - BIBLIOGRAPHY, ETC. NOTE
Bibliography, etc Includes bibliographical references.
650 #2 - SUBJECT ADDED ENTRY--TOPICAL TERM
Topical term or geographic name as entry element Microbiology.
9 (RLIN) 749
906 ## - LOCAL DATA ELEMENT F, LDF (RLIN)
a 7
b cbc
c orignew
d 1
e ocip
f 19
g y-gencatlg
942 ## - ADDED ENTRY ELEMENTS (KOHA)
Source of classification or shelving scheme Dewey Decimal Classification
Koha item type Open Shelf
Holdings
Withdrawn status Lost status Source of classification or shelving scheme Damaged status Not for loan Home library Current library Date acquired Source of acquisition Inventory number Total Checkouts Full call number Barcode Date last seen Koha item type
    Other/Generic Classification Scheme     MUST Main Library MUST Main Library 30/05/2016 Purchase 11/34553   QW 4 E74w 1991 2016-2234 30/05/2016 Open Shelf
    Other/Generic Classification Scheme     MUST Main Library MUST Main Library 22/07/2016 Donation 99/13387   QW 4 E74w 1991 2016-3380 22/07/2016 Open Shelf